000 01072nam a22001817a 4500
008 110627t xxu||||| |||| 00| 0 eng d
010 _aHCCS F91
245 _aThe High Court Civil Suit No. 536 A of 1991 Hon. Zachary Olum Vs Attorney General.
260 _c1991
500 _aBefore: The honourable Lady justice C.K. Byamugisha.
999 _c4016
_d4016